|
|
|
|
| LEADER |
02470cas a2200337 a 4500 |
| 001 |
AALejournalIMF021633 |
| 008 |
230101c9999 xx r poo 0 0eng d |
| 020 |
|
|
|c 18.00 USD
|
| 020 |
|
|
|z 9781513573366
|
| 022 |
|
|
|a 1018-5941
|
| 040 |
|
|
|a BD-DhAAL
|c BD-DhAAL
|
| 100 |
1 |
|
|a Bhattacharya, Amar.
|
| 245 |
1 |
0 |
|a Climate Action to Unlock the Inclusive Growth Story of the 21st Century /
|c Amar Bhattacharya, Maksym Ivanyna, William Oman, Nicholas Stern.
|
| 264 |
|
1 |
|a Washington, D.C. :
|b International Monetary Fund,
|c 2021.
|
| 300 |
|
|
|a 1 online resource (65 pages)
|
| 490 |
1 |
|
|a IMF Working Papers
|
| 500 |
|
|
|a <strong>Off-Campus Access:</strong> No User ID or Password Required
|
| 500 |
|
|
|a <strong>On-Campus Access:</strong> No User ID or Password Required
|
| 506 |
|
|
|a Electronic access restricted to authorized BRAC University faculty, staff and students
|
| 520 |
3 |
|
|a Climate change is a major threat to the sustainability and inclusiveness of our societies, and to the planet's habitability. A just transition to a low-carbon economy is the only viable way forward. This paper reviews the climate change challenge. It stresses the criticality of systems changes (energy, transport, urban, land use, water) in a climate-challenged world, and the importance of infrastructure investment geared toward such systems changes. The key policies to enable the transition are: public spending on and investment frameworks for sustainable infrastructure, pricing carbon, regulations, promoting sustainable use of natural resources, scaling up and aligning finance with climate objectives, low-carbon industrial and innovation policies, building resilience and adaptation, better measurement of well-being and sustainability, and providing information and education on climate risks. Implemented well, climate action would unlock the inclusive growth story of the 21st century, making our societies more sustainable, inclusive, and prosperous.
|
| 538 |
|
|
|a Mode of access: Internet
|
| 650 |
|
7 |
|a Climate
|2 imf
|
| 650 |
|
7 |
|a Foreign Exchange
|2 imf
|
| 650 |
|
7 |
|a Informal Economy
|2 imf
|
| 650 |
|
7 |
|a Natural Disasters and Their Management
|2 imf
|
| 650 |
|
7 |
|a Underground Econom
|2 imf
|
| 700 |
1 |
|
|a Ivanyna, Maksym.
|
| 700 |
1 |
|
|a Oman, William.
|
| 700 |
1 |
|
|a Stern, Nicholas.
|
| 830 |
|
0 |
|a IMF Working Papers; Working Paper ;
|v No. 2021/147
|
| 856 |
4 |
0 |
|z Full text available on IMF
|u http://elibrary.imf.org/view/journals/001/2021/147/001.2021.issue-147-en.xml
|z IMF e-Library
|